Normal view
MARC view
- Winstedt, Richard Olof,
Entry Personal Name
001 - CONTROL NUMBER
- control field: 8240
003 - CONTROL NUMBER IDENTIFIER
- control field: OSt
005 - DATE AND TIME OF LATEST TRANSACTION
- control field: 20170525151310.0
008 - FIXED-LENGTH DATA ELEMENTS
- fixed length control field: 170525|| aca||aabn | a|a d
040 ## - CATALOGING SOURCE
- Original cataloging agency: OSt
- Transcribing agency: OSt
100 ## - HEADING--PERSONAL NAME
- Personal name: Winstedt, Richard Olof,
- Titles and other words associated with a name: Sir,
- Titles and other words associated with a name: Sir,
- Dates associated with a name: 1878-1966
670 ## - SOURCE DATA FOUND
- Source citation: Work cat.: (OSt)0: Winstedt, Richard Olof, Sir, Sir, 1878-1966, Malaya and its history /, (1950)

PORTAL AKMAL
E-MEL JKDM
AKMAL2U
G-BAM
u-PUSTAKA